000 00642nam a22002292a 4500
999 _c9988
_d9988
001 9988
003 BD - JhCC
005 20180404170233.0
008 180404s1967 enka 001 0 eng d
035 _aOCLC ocm08742443 from D950808M
_a(BD - JhCC)9988
040 _aCCA
_cCCA
_dUKM
_dEQO
_dBD - JhCC
041 _aeng
082 _bDAD 1967
_a666.3
100 1 _aDadd, Jack.
245 1 0 _aExploring pottery /
_cwritten and illustrated by Jack Dadd and Alan Rogers
260 _aLondon :
_bOdhams,
_c1967.
300 _a96 p. :
_bill. ;
_c22 cm
650 0 _aPottery
700 1 _aRogers, Alan,
_d1937-
942 _2ddc
_cREF